Construction Materials: their nature and behaviour / (Record no. 1252)

000 -LEADER
fixed length control field 00368 a2200121 4500
020 ## - INTERNATIONAL STANDARD BOOK NUMBER
International Standard Book Number 0419258604
082 ## - DEWEY DECIMAL CLASSIFICATION NUMBER
Classification number 624.18 ILL
100 ## - MAIN ENTRY--PERSONAL NAME
Personal name Illston,J.M.
245 ## - TITLE STATEMENT
Title Construction Materials: their nature and behaviour /
Statement of responsibility, etc. edited by J.M.Illston, P.L.J.Domone
250 ## - EDITION STATEMENT
Edition statement 3rd.ed.
260 ## - PUBLICATION, DISTRIBUTION, ETC.
Place of publication, distribution, etc. London :
Date of publication, distribution, etc. Spon Press,
Name of publisher, distributor, etc. 2001.
300 ## - PHYSICAL DESCRIPTION
Extent xxvii,554p. :
Other physical details ill . ;
Dimensions 25cm
650 ## - SUBJECT ADDED ENTRY--TOPICAL TERM
Topical term or geographic name entry element construction materials
Holdings
Withdrawn status Lost status Damaged status Not for loan Permanent Location Current Location Shelving location Date acquired Total Checkouts Full call number Barcode Date last seen Price effective from Koha item type Source of classification or shelving scheme
        School of Civil and Environmental Engineering (SCEE) School of Civil and Environmental Engineering (SCEE)       624.18 ILL NIT-411 01/05/2017 01/05/2017 Book  
        School of Civil and Environmental Engineering (SCEE) School of Civil and Environmental Engineering (SCEE)   05/18/2017   624.18 ILL NIT-8591 05/18/2017 05/18/2017 Book  
        School of Civil and Environmental Engineering (SCEE) School of Civil and Environmental Engineering (SCEE)   05/18/2017   624.18 ILL NIT-8663 05/18/2017 05/18/2017 Book  
        School of Civil and Environmental Engineering (SCEE) School of Civil and Environmental Engineering (SCEE)   05/18/2017   624.18 ILL NIT-8664 05/18/2017 05/18/2017 Book  
© 2023 Central Library, National University of Sciences and Technology. All Rights Reserved.